Efficient assessment of value for money (VfM) for selecting effective public private partnership (PPP) solutions (Record no. 106986)
[ view plain ]
| 000 -LEADER | |
|---|---|
| fixed length control field | 01270cam a22002655a 4500 |
| 001 - CONTROL NUMBER | |
| control field | L138050 |
| 008 - FIXED-LENGTH DATA ELEMENTS--GENERAL INFORMATION | |
| fixed length control field | 070514e2007 xxk f 100 0 eng d |
| 035 ## - SYSTEM CONTROL NUMBER | |
| System control number | (Sirsi) u138050 |
| 041 0# - LANGUAGE CODE | |
| Language code of text/sound track or separate title | eng |
| 100 1# - MAIN ENTRY--PERSONAL NAME | |
| Personal name | Sachs, Tillmann |
| 245 00 - TITLE STATEMENT | |
| Title | Efficient assessment of value for money (VfM) for selecting effective public private partnership (PPP) solutions |
| Remainder of title | a comparative study of VFM assessment for PPPs in Singapore and Germany |
| Medium | [electronic resource] |
| 260 ## - PUBLICATION, DISTRIBUTION, ETC. | |
| Date of publication, distribution, etc. | 2005 |
| 490 #0 - SERIES STATEMENT | |
| Series statement | COBRA |
| Volume/sequential designation | 2005 |
| 520 ## - SUMMARY, ETC. | |
| Summary, etc. | Discusses similarities and differences between the recent adoption of PPP in Singapore and Germany. It asks whether the difference in efficiency is measurable, and whether the VfM assessment process is affected by the PPP solution selected. |
| 590 ## - LOCAL NOTE (RLIN) | |
| Local note | KA |
| 651 #4 - SUBJECT ADDED ENTRY--GEOGRAPHIC NAME | |
| Geographic name | SINGAPORE |
| 651 #4 - SUBJECT ADDED ENTRY--GEOGRAPHIC NAME | |
| Geographic name | GERMANY |
| 690 ## - LOCAL SUBJECT ADDED ENTRY--TOPICAL TERM (OCLC, RLIN) | |
| Topical term or geographic name as entry element | BUILT ENVIRONMENT-QUANTITY SURVEYING-CONSTRUCTION COST MANAGEMENT |
| 700 1# - ADDED ENTRY--PERSONAL NAME | |
| Personal name | Elbing, Clemens |
| 700 1# - ADDED ENTRY--PERSONAL NAME | |
| Personal name | Tiong, Robert L.K. |
| 700 1# - ADDED ENTRY--PERSONAL NAME | |
| Personal name | Alfen, Hans Wilhelm |
| 711 2# - ADDED ENTRY--MEETING NAME | |
| Meeting name or jurisdiction name as entry element | Construction and Building Research Conference |
| Number of part/section/meeting | 10th |
| Location of meeting | University of Queensland, Brisbane |
| Date of meeting or treaty signing | 4-5 July 2005 |
| 856 40 - ELECTRONIC LOCATION AND ACCESS | |
| Uniform Resource Identifier | <a href="https://www.rics.org/site/scripts/download_info.aspx?downloadID=2567">https://www.rics.org/site/scripts/download_info.aspx?downloadID=2567</a> |
| Public note | View the item free of charge at www.rics.org... |
| 942 ## - ADDED ENTRY ELEMENTS (KOHA) | |
| Suppress in OPAC | 0 |
| Withdrawn status | Lost status | Source of classification or shelving scheme | Damaged status | Not for loan | Home library | Current library | Shelving location | Date acquired | Total Checkouts | Full call number | Barcode | Date last seen | Copy number | Price effective from | Koha item type |
|---|---|---|---|---|---|---|---|---|---|---|---|---|---|---|---|
| Dewey Decimal Classification | Virtual | Virtual | Online | 14/05/2007 | ONLINE PUBLICATION | 138050-2001 | 06/08/2019 | 1 | 06/08/2019 | Book |